| 000 | 00563nam a2200229Ia 4500 | ||
|---|---|---|---|
| 008 | 160803s9999 xx 000 0 und d | ||
| 020 | _a0 531095061 | ||
| 100 | _aPilkey, Dav | ||
| 245 | 4 | _aThe Paperboy / | |
| 245 | _cstory and paintings by Dav Pilkey. | ||
| 260 | _aNew York : | ||
| 260 | _bScholastic Inc. | ||
| 260 | _c1996 | ||
| 300 | _a1 volume (unpaged) : | ||
| 300 | _bcolor illustration ; | ||
| 300 | _c27 cm | ||
| 650 | _aMorning -- | ||
| 650 | _aNewspaper carriers -- | ||
| 650 | _xFiction. | ||
| 650 | _xFiction. | ||
| 700 | _a530 | ||
| 999 |
_c299135 _d299135 |
||